| 000 | 00642nmm a22001817a 4500 | ||
|---|---|---|---|
| 003 | OSt | ||
| 005 | 20240521111801.0 | ||
| 006 | eBook | ||
| 008 | 240521b |||||||| |||| 00| 0 eng d | ||
| 040 | _cMRSPTU | ||
| 100 | _aSteve Resnick | ||
| 245 | _aEssential Windows Communication Foundation (WCF): For .NET Framework 3.5 | ||
| 250 | _a1st | ||
| 260 |
_aNew Delhi _bPearson _c2008 |
||
| 600 | _2Computer Science | ||
| 856 |
_3Click here to access the e-book _uhttps://ebookcentral.proquest.com/lib/gzsptuc/detail.action?docID=5126899&query=Essential+Windows+Communication+Foundation+%28WCF%29%3A+For+.NET+Framework+3.5 |
||
| 942 |
_2ddc _cEB _n1 |
||
| 999 |
_c10343 _d10343 |
||